Ví dụ tính toán mố trụ cầu : theo tiêu chuẩn thiết kế cầu 22TCN 272 - 05
Tài liệu gồm 2 phần: Phần 1: Ví dụ tính toán trụ cầu. Phần 2: Ví dụ tính toán mố cầu.
Sparad:
| Huvudupphovsman: | |
|---|---|
| Materialtyp: | Bok |
| Språk: | Undetermined |
| Publicerad: |
Hà Nội
Giao thông vận tải
2006
|
| Ämnen: | |
| Taggar: |
Lägg till en tagg
Inga taggar, Lägg till första taggen!
|
| Thư viện lưu trữ: | Trung tâm Học liệu Trường Đại học Cần Thơ |
|---|
| LEADER | 00848nam a2200229Ia 4500 | ||
|---|---|---|---|
| 001 | CTU_120307 | ||
| 008 | 210402s9999 xx 000 0 und d | ||
| 020 | |c 50000 | ||
| 082 | |a 624.32 | ||
| 082 | |b Tr513 | ||
| 100 | |a Nguyễn, Viết Trung | ||
| 245 | 0 | |a Ví dụ tính toán mố trụ cầu : | |
| 245 | 0 | |b theo tiêu chuẩn thiết kế cầu 22TCN 272 - 05 | |
| 245 | 0 | |c Nguyễn Viết Trung | |
| 260 | |a Hà Nội | ||
| 260 | |b Giao thông vận tải | ||
| 260 | |c 2006 | ||
| 520 | |a Tài liệu gồm 2 phần: Phần 1: Ví dụ tính toán trụ cầu. Phần 2: Ví dụ tính toán mố cầu. | ||
| 650 | |a Bridges,Concrete construction,Foundations | ||
| 650 | |x Design and construction | ||
| 904 | |i Hiếu | ||
| 980 | |a Trung tâm Học liệu Trường Đại học Cần Thơ | ||